| 000 | 00486nam a2200181Ia 4500 | ||
|---|---|---|---|
| 003 | GBCCL | ||
| 005 | 20241126110334.0 | ||
| 008 | 161012b xxu||||| |||| 00| 0 eng d | ||
| 040 | _cGBC | ||
| 082 |
_a153 _bFLE |
||
| 100 |
_aFleet, Thurman _9142 |
||
| 245 |
_aRays of the Dawn: _bLaws of the Body Mind Soul/ _cThurman Fleet |
||
| 250 | _bRevised edition | ||
| 260 |
_bThurman Fleet, _aSan Antonio, Texas: _cc1976 |
||
| 300 |
_a166p. _c23cm. |
||
| 650 | 0 |
_aPsychology _9120 |
|
| 942 |
_2ddc _cBK |
||
| 999 |
_c255 _d255 |
||